Cezhraničné fúzie

Cezhraničné fúzie sú v súčasnosti veľmi aktuálne v súvislosti so založením a vznikom európskej spoločnosti. Európska spoločnosť (SE) je právna forma obchodnej spoločnosti definovaná nariadením Rady ES o stanovách európskej spoločnosti. Jeho ustanovenia sú priamo aplikovateľné v jednotlivých členskýc...

Descrizione completa

Salvato in:
Dettagli Bibliografici
Autore principale: Silná, Renáta, 1981-
Natura: Capitolo di libro
Lingua:slovacco
Soggetti:
Tags: Aggiungi Tag
Nessun Tag, puoi essere il primo ad aggiungerne!!

MARC

LEADER 00000naa$a2200000$$$4500
001 0094851
005 20240502072045.5
041 0 |a slo 
044 |a SK 
245 1 0 |a Cezhraničné fúzie  |c Renáta Silná 
520 |a Cezhraničné fúzie sú v súčasnosti veľmi aktuálne v súvislosti so založením a vznikom európskej spoločnosti. Európska spoločnosť (SE) je právna forma obchodnej spoločnosti definovaná nariadením Rady ES o stanovách európskej spoločnosti. Jeho ustanovenia sú priamo aplikovateľné v jednotlivých členských štátoch. SE podľa slovenského právneho poriadku. Na stránkach Obchodného registra zatiaľ skratku SE nenájdeme. Je však pravdepodobné, že práve cezhraničné fúzie budú jedným z prostriedkov hospodárskeho rastu i v období pretrvávajúcej hospodárskej krízy. 
610 2 0 |a fúzie 
610 2 0 |a združenia podnikov 
610 2 0 |a spoločnosti nadnárodné 
610 2 0 |a Slovensko 
100 1 |a Silná, Renáta, 1981-